000 00440nam a2200181Ia 4500
001 9799
005 20260306161745.0
008 260306t2007||||xx |||||||||||||| ||spa||
041 _aESP
082 _a461.41
_bN61
100 _aNiño Rojas, Víctor Miguel
_eAUT
245 0 _aFundamentos de semiótica y linguística
260 _c2007
300 _a322 páginas :
_ccm.
650 _aGEN
654 _aCHU
942 _cLIB
_dJUS
_fJUS
_2ddc
_n
999 _c9799
_d9799